| 000 | 00582nam a2200193Ia 4500 | ||
|---|---|---|---|
| 005 | 20250508152435.0 | ||
| 008 | 008 250505s9999 xx 000 0 eng d | ||
| 037 | _aBooks to be hide in OPAC | ||
| 040 |
_aFEDL _beng _cFEDL |
||
| 041 |
_aeng _2eng |
||
| 084 |
_a418, DAW/O _qFEDL |
||
| 100 |
_aDawson Mildred A _9761492 |
||
| 245 | 0 | _aDirecting learning in the language arts | |
| 260 |
_aMinneapolis, USA _bBurgess Publishing Company _c1948 |
||
| 300 | _avi,149p. | ||
| 700 |
_a Dingee Frieda Hayes _9761493 |
||
| 942 |
_cHB _h418, DAW/O |
||
| 999 |
_c1336438 _d1336438 |
||